| 000 | 00510nam a22001817a 4500 | ||
|---|---|---|---|
| 999 |
_c18127 _d18127 |
||
| 003 | AR-CdUCM | ||
| 008 | 190511b ||||| |||| 00| 0 spa d | ||
| 040 |
_aMUNICIPALIDAD PROVINCIAL DEL CUSCO _cBIBLIOTECA MUNICIPAL DEL CUSCO |
||
| 082 |
_a890.83 / _bE39 |
||
| 100 |
_aEliade, Mircea _938531 |
||
| 245 | _aLa noche BengalĂ / | ||
| 260 |
_aBuenos Aires : _bEmece, _c1951. |
||
| 300 |
_a193 páginas ; _c19 cm. |
||
| 505 | _aliteratura. | ||
| 650 |
_aLiteratura. _983 |
||
| 942 |
_2ddc _cLIBROS |
||
| 945 | _awfj | ||